| 000 | 01051nam a22003015a 4500 | ||
|---|---|---|---|
| 005 | 20161119134135.0 | ||
| 008 | 161101t2016 enka frb 001 0 eng d | ||
| 020 | _a9781849739870 | ||
| 020 | _a9781782622307 | ||
| 040 |
_aEG-ScBUE _beng _cEG-ScBUE _dEG-ScBUE |
||
| 082 | 0 | 4 |
_a621.31244 _bPOL _222 |
| 245 | 0 | 0 |
_aPolymer photovoltaics : _bmaterials, physics, and device engineering / _cedited by Fei Huang, Hin-Lap Yip, Yong Cao. |
| 260 |
_aCambridge : _bRoyal Society of Chemistry, _cc.2016. |
||
| 300 |
_axv, 406 p. : _bill. ; _c24 cm. |
||
| 490 | 0 | _aRSC polymer chemistry series | |
| 500 | _aIndex : p. 397-406. | ||
| 504 | _aIncludes bibliographical references. | ||
| 590 | _aSuzan Ashmawy | ||
| 650 | 7 |
_aPhotovoltaic cells. _xMaterials. _2BUEsh _939713 |
|
| 650 | 7 |
_aConducting polymers. _2BUEsh |
|
| 650 | 7 |
_aPolymers. _xElectric properties. _2BUEsh _94152 |
|
| 651 | _2BUEsh | ||
| 653 |
_bENGCHE _cOctober2016 |
||
| 700 | 1 |
_aHuang, Fei, _eeditor. |
|
| 700 | 1 |
_aYip, Hin-Lap, _eeditor, |
|
| 700 | 1 |
_aCao, Yong, _eeditor. |
|
| 942 | _2ddc | ||
| 999 |
_c22965 _d22937 |
||